| 000 | 00638nam a2200181Ia 4500 | ||
|---|---|---|---|
| 008 | 100921s9999 xx 000 0 und d | ||
| 082 |
_b1708 _a891.462 थ 59 |
||
| 100 | _aशुक्ल सदाशिव अनंत. | ||
| 245 | _aआम्ही एकशेपांच. | ||
| 260 |
_bबलवंत पुस्तक भांडार,मुंबई. _c1959 |
||
| 300 |
_a105 _b--- |
||
| 365 | _b1.75 | ||
| 520 | _aललित-नाटके. | ||
| 630 | _aआम्ही एकशेपांच. | ||
| 650 | _aललित-नाटके. | ||
| 730 | _aआम्ही एकशेपांच. | ||
| 942 | _cBOOK | ||
| 999 |
_c750821 _d750818 |
||